Belice : (Record no. 41941)
[ view plain ]
| 000 -LEADER | |
|---|---|
| fixed length control field | 00660nam a22001697a 4500 |
| 008 - FIXED-LENGTH DATA ELEMENTS--GENERAL INFORMATION | |
| fixed length control field | 130923t gt ||||| |||| 00| 0 spa d |
| 050 04 - LIBRARY OF CONGRESS CALL NUMBER | |
| Classification number | F1449 .B4 |
| Item number | A97 1941 |
| 245 10 - TITLE STATEMENT | |
| Title | Belice : |
| Statement of responsibility, etc | / por el Doctor Francisco Asturias |
| 250 ## - EDITION STATEMENT | |
| Edition statement | Segunda edición, |
| Remainder of edition statement | Aumentada |
| 260 ## - PUBLICATION, DISTRIBUTION, ETC. (IMPRINT) | |
| Place of publication, distribution, etc | Gautemala, C.A. : |
| Name of publisher, distributor, etc | Tipografía Nacional.- Guatemala, Centro América |
| Date of publication, distribution, etc | 1941. |
| 300 ## - PHYSICAL DESCRIPTION | |
| Extent | 175 p. : |
| Other physical details | map. ; |
| Dimensions | 27 cm. |
| 440 #0 - SERIES STATEMENT/ADDED ENTRY--TITLE | |
| Title | Publicaciones de la revista de la Facultad de Ciencias Jurídicas y Sociales ; |
| Number of part/section of a work | No. 482 |
| 504 ## - BIBLIOGRAPHY, ETC. NOTE | |
| Bibliography, etc | Incluye índice y bibliografía |
| 650 #7 - SUBJECT ADDED ENTRY--TOPICAL TERM | |
| Source of heading or term | LEMB |
| Topical term or geographic name as entry element | Belice |
| General subdivision | Historia |
| 650 ## - SUBJECT ADDED ENTRY--TOPICAL TERM | |
| Source of heading or term | LEMB |
| Topical term or geographic name as entry element | Belice |
| General subdivision | Descripción y viajes |
| 942 ## - ADDED ENTRY ELEMENTS (KOHA) | |
| Source of classification or shelving scheme | Biblioteca del Cogreso de los Estados Unidos |
| Koha item type | Libro |
| Estado de pérdida | Fuente de clasificación | Estado del daño | No para préstamo | Ubicación permanente | Ubicación actual | Apartado o colección | Fecha de adquisición | Área del conocimiento | Clasificación | Código de Barras | Date last seen | Número de copia | Tipo de recurso | Nota pública |
|---|---|---|---|---|---|---|---|---|---|---|---|---|---|---|
| Biblioteca del Cogreso de los Estados Unidos | Biblioteca del Instituto de Investigaciones Históricas | Biblioteca del Instituto de Investigaciones Históricas | General | 23/09/2013 | F1449 .B4 A97 1941 | IIH000010404 | 23/09/2013 | C:1 | Libro | GENERAL |